| 000 | 00389nam a2200121 4500 | ||
|---|---|---|---|
| 008 | s1999 fr fre u | ||
| 040 | _aLB-BrCRDP | ||
| 082 | 1 |
_a006.6 _bIMA |
|
| 245 | 1 | 0 |
_aD'images et de sons (CV) _b1, Un signe dans la ville, un habillage du dimanche, musique plein cadre |
| 260 |
_aParis _bCNDP _c1999 |
||
| 942 | _cBK | ||
| 999 |
_c10248 _d10248 |
||